⚽ Gardien de ligue 1 ayant encaissé le plus de buts par saison - Statistiques

Statistiques générales
  • Ce quiz a été pris 35 fois
  • Le résultat moyen est 7 sur 25
Statistiques - réponses
Saison Club Nombre de buts encaissés Réponse % Correct
2021-2022 Girondins de Bordeaux 62 Benoît Costil
83%
2019-2020 Amiens SC 50 Régis Gurtner
60%
2024-2025 AS Saint Etienne 77 Gautier Larsonneur
57%
2018-2019 Nîmes Olympique 58 Paul Bernardoni
53%
2017-2018 Dijon FCO 73 Baptiste Reynet
50%
2020-2021 Nîmes Olympique 71 Baptiste Reynet
50%
2023-2024 FC Lorient 66 Yvon Mvogo
47%
2011-2012 AC Ajaccio 59 Guillermo Ochoa
40%
2013-2014 AC Ajaccio 71 Guillermo Ochoa
40%
2014-2015 SM Caen 55 Rémy Vercoutre
37%
2022-2023 ESTAC de Troyes 65 Gauthier Gallon
27%
2008-2009 Le HavreAC 60 Christophe Revault
20%
2016-2017 FC Metz 64 Thomas Didillon
20%
2009-2010 OGC Nice 55 David Ospina
17%
2010-2011 RC Lens 48 Vedran Runje
13%
2012-2013 ESTAC de Troyes 61 Yohann Thuram
13%
2005-2006 FC Metz 49 Grégory Wimbée
10%
2003-2004 L'En Avant Guingamp 58 Ronan Le Crom
10%
2015-2016 Gazélec d'Ajaccio 56 Clément Maury
7%
2007-2008 FC Metz 61 Christophe Marichez
3%
2004-2005 SC Bastia 47 Nicolas Penneteau
3%
2000-2001 L'En Avant Guingamp 48 Éric Loussouarn
0%
2002-2003 CS Sedan 59 Patrick Regnault
0%
2006-2007 CS Sedan 49 Patrick Regnault
0%
2001-2002 FC Lorient 41 Stéphane Le Garrec
0%
Aucun quiz correspondant
Distribution des résultats
% des personnes avec chaque résultat
Percentile par nombre de réponses
Votre historique - résultats
Vous n’avez pas pris ce quiz